The Tao of Charlie Munger
| Main Author: | |
|---|---|
| Format: | Book |
| Published: |
New York :
Scribner ,
2017
|
| Subjects: |
MARC
| LEADER | 00000cam a2200000 7i4500 | ||
|---|---|---|---|
| 001 | 0000211919 | ||
| 005 | 20170710.0 | ||
| 020 | |a 9781501153341 | ||
| 090 | 0 | 0 | |a 332.6092 |b CLA |
| 100 | 1 | |a Clark, David | |
| 245 | 1 | 0 | |a The Tao of Charlie Munger |c David Clark |
| 260 | |a New York : |b Scribner , |c 2017 | ||
| 300 | |a 240p. ; |c 20cm. | ||
| 600 | 0 | 0 | |a Munger, Charles T. , |d 1924- |v Quotations |
| 650 | 0 | 0 | |a Business |x Quotations, maxims, etc. |
| 999 | |a 00344044 |b BUKU |c PINJAMAN |e PERPUSTAKAAN KOMUNITI PETALING JAYA | ||